000
00462nam a2200169Ia 4500
008
090124s9999 xx 000 0 und d
082
_b
118442
100
_a
जोगळेकर योगिनी
245
_a
शर्यत
250
_a
0
300
_a
188
600
_a
जोगळेकर योगिनी
630
_a
शर्यत
700
_a
जोगळेकर योगिनी
730
_a
शर्यत
942
_c
BOOK
999
_c
164528
_d
164528